American "Guy Movie" Facts - Statistics

General Stats
  • This quiz has been taken 7 times
  • The average score is 5 of 15
Answer Stats
Hint Answer % Correct
The ultimate destination of the Griswolds in "Vacation" which is closed for renovations when they get there Walley World
71%
How much the Duke brothers bet each other in "Trading Places" A dollar
57%
What Spicolli orders delivered to class in "Fast Times at Ridgemont High" A pizza
57%
The restaurant where Brett got his tasty cheese burger in "Pulp Fiction" Big Kahuna Burger
57%
How high the speakers go in "This is Spinal Tap" Eleven
57%
The McDonalds knock-off restaurant in "Coming to America" McDowell's
43%
Ron Burgundy's dog's name in "Anchor Man" Baxter
29%
The last name of the three brothers in "Slap Shot" Hanson
29%
The name of the Drill Sergeant in "Stripes" Sergeant Hulka
29%
The name of Judge Smails special putter in "Caddy Shack" Billy Baroo
14%
Dave Chappelle's character's occupation in "Half Baked" Janitor
14%
The club where the boys took their "dates" in "Animal House" The Dexter Lake Club
14%
What the Knights who say, "Ni!" demand King Arthur brings them A shubbery
0%
Crash tells Nuke that "Strikeouts are boring. Besides that, they’re..." what in "Bull Durham"? Fascist
0%
What the people who got sick ate in "Airplane!" Salmon
0%
No matching quizzes found
Score Distribution
Percent of People with Each Score
Percentile by Number Answered
Your Score History
You have not taken this quiz